Library Banner

Take time to talk: (Record no. 12645)

MARC details
000 -LEADER
fixed length control field 00519nam a2200169Ia 4500
001 - CONTROL NUMBER
control field 11800
008 - FIXED-LENGTH DATA ELEMENTS--GENERAL INFORMATION
fixed length control field 140331s9999 xx 000 0 und d
020 ## - INTERNATIONAL STANDARD BOOK NUMBER
International Standard Book Number 0-7506-9783-0
040 ## - CATALOGING SOURCE
Transcribing agency PK-LaUMT
082 ## - DEWEY DECIMAL CLASSIFICATION NUMBER
Classification number 616.85506
Item number WHI-T
100 ## - MAIN ENTRY--PERSONAL NAME
Personal name White, Patricia F.
245 ## - TITLE STATEMENT
Title Take time to talk:
Remainder of title a resource, for apraxia therapy, esophageal speech training, aphasia therapy, and articulation therapy.
Statement of responsibility, etc White, Patricia F.
260 ## - PUBLICATION, DISTRIBUTION, ETC. (IMPRINT)
Place of publication, distribution, etc Boston,USA:
Name of publisher, distributor, etc Butterworth,
Date of publication, distribution, etc 1996
300 ## - PHYSICAL DESCRIPTION
Extent 185 p.
546 ## - LANGUAGE NOTE
Language note EN
942 ## - ADDED ENTRY ELEMENTS (KOHA)
Koha item type Books
Holdings
Withdrawn status Lost status Damaged status Not for loan Home library Current library Date acquired Total Checkouts Total Renewals Full call number Barcode Date last seen Date checked out Price effective from Koha item type
        UMT Main Campus UMT Main Campus 2014-03-31 5 1 616.85506 WHI-T 13722 2025-01-20 2021-01-28 2014-04-21 Books